Changes in parent teacher expectations in cooperative preschools /

Na minha lista:
Detalhes bibliográficos
Autor principal: Harms, Thelma
Autor Corporativo: ERIC Clearinghouse on Early Childhood Education
Outros Autores: Smith, Judy
Formato: Livro
Idioma:English
Publicado em: Urbana, Ill. : ERIC Clearinghouse on Early Childhood Education, 1975.
Assuntos:
LEADER 01234nam a2200277 a 4500
001 c000162473
003 CARM
005 19900907000000.0
008 870731s1975 ilu b 000 0 eng d
019 1 |a 5391877  |5 LACONCORD2021 
035 |a (OCoLC)219937984  |5 LACONCORD2021 
040 |a VECD  |b eng  |c VECD  |d ABN:1 
082 0 4 |a 371.103  |2 19 
100 1 |a Harms, Thelma. 
245 1 0 |a Changes in parent teacher expectations in cooperative preschools /  |c Thelma Harms and Judy Smith. 
260 |a Urbana, Ill. :  |b ERIC Clearinghouse on Early Childhood Education,  |c 1975. 
300 |a 13, [3] p. ;  |c 28 cm. 
500 |a "The material in this publication was prepared pursuant to a contract with the National Institute of Education, U.S. Department of Health, Education and Welfare...". 
500 |a "Catalog #134". 
504 |a Bibliography: p. [14] 
650 0 |a Education, Preschool  |x Parent participation. 
700 1 |a Smith, Judy. 
710 2 |a ERIC Clearinghouse on Early Childhood Education. 
852 8 |b CARM  |h A2:AO06E0  |i D05891  |p 0214472  |f BK 
999 f f |i ab766c9b-c3e5-55e2-9907-6e4d1e6f5b78  |s bcdaed91-2ca0-58f3-971e-4a2e0a1817cd 
952 f f |p Can circulate  |a CAVAL  |b CAVAL  |c CAVAL  |d CARM 1 Store  |e D05891  |f A2:AO06E0  |h Other scheme  |i book  |m 0214472